| 000 | 00557nam a2200181 4500 | ||
|---|---|---|---|
| 040 | _cDLC | ||
| 082 | _a631 IMP 1972 A040 Or. | ||
| 100 | 1 | _aSoltner, Dominique. | |
| 245 | 1 | 4 |
_aLes grandes productions végétales; _bcéréales, plantes sarclées, prairies. |
| 250 | _a4. éd. | ||
| 260 |
_a[Angers, _bImpr. H. Siraudeau] _c1972. |
||
| 300 |
_a348 p. _billus. _c27 cm. |
||
| 490 | 0 | _aCollection sciences et techniques agricoles | |
| 500 | _aCaption title. | ||
| 500 | _aAt head of title: Phytotechnie spéciale. | ||
| 650 | 0 | _aField crops. | |
| 942 | _cEK | ||
| 999 |
_c11997 _d11997 |
||